000 00275nam a22001217a 4500
082 _a270.82 BEN
100 _aBent, A J Van Der
245 _aThe Utopia of World Community
260 _aU.K.
_bS C M Press ltd
_c1973
300 _a150
650 _aEcumenicalism
942 _cBK
999 _c20090
_d20090